[Event "Queima das Fitas op"]
[Site "Coimbra"]
[Date "2024.04.25"]
[Round "2"]
[White "Dias, Ivo Rodrigues"]
[Black "Rocha, Miguel Feio Guimara"]
[Result "1-0"]
[WhiteElo "2145"]
[BlackElo "1800"]
[PlyCount "59"]
[EventDate "2024.04.25"]
[EventType "swiss"]
[EventRounds "7"]
[EventCountry "POR"]
[SourceTitle "CB18_2024"]
[SourceDate "2024.05.01"]
[SourceVersion "1"]
[SourceVersionDate "2024.05.01"]
[SourceQuality "2"]

1. e4 c5 2. Nf3 d6 3. d4 cxd4 4. Nxd4 Nf6 5. Nc3 a6 6. Be3 e5 7. Nb3 Be6 8. f3 Be7 9. Qd2 h5 10. Nd5 Nxd5 11. exd5 Bf5 12. Be2 Nd7 13. 0-0 0-0 14. Na5 Qc7 15. c4 Bf6 16. Rac1 b6 17. Nc6 Nb8 18. Nxb8 Raxb8 19. f4 exf4 20. Rxf4 Bg6 21. Rxf6 gxf6 22. Bd4 Kh7 23. Bxf6 Rfe8 24. Bxh5 Qc8 25. Bf3 Qf5 26. Qd4 Bh5 27. Qh4 Kg6 28. Rf1 Bxf3 29. Rxf3 Qb1+ 30. Rf1 1-0

[Event "POR-ch Blitz"]
[Site "Viseu"]
[Date "2022.06.11"]
[Round "10"]
[White "Guia, Artur Solovyov Eloy"]
[Black "Rocha, Miguel Feio Guimara"]
[Result "0-1"]
[WhiteElo "1916"]
[BlackElo "1541"]
[PlyCount "108"]
[EventDate "2022.06.11"]
[EventType "swiss (blitz)"]
[EventRounds "11"]
[EventCountry "POR"]
[SourceTitle "CBM 208 Extra"]
[Source "ChessBase"]
[SourceDate "2022.07.31"]
[SourceVersion "1"]
[SourceVersionDate "2022.07.31"]
[SourceQuality "1"]

1. Nf3 d5 2. b3 Nf6 3. e3 Bf5 4. Bb2 e6 5. d4 Nbd7 6. c4 c6 7. Nc3 Bd6 8. Bd3 Bg6 9. 0-0 0-0 10. Qc2 Re8 11. e4 dxe4 12. Nxe4 Bf8 13. Nxf6+ Nxf6 14. Bxg6 hxg6 15. Rad1 Qa5 16. Rfe1 Rad8 17. Re5 Qc7 18. h3 c5 19. dxc5 Bxc5 20. Re2 Rxd1+ 21. Qxd1 Rd8 22. Qc2 a5 23. Bxf6 gxf6 24. Rd2 Kg7 25. Rxd8 Qxd8 26. g3 e5 27. Ne1 f5 28. Qd3 Qe7 29. Ng2 e4 30. Qc3+ Qf6 31. Qxf6+ Kxf6 32. Kf1 Ke5 33. Ke2 Kd4 34. Kd2 Bb4+ 35. Kc2 b6 36. h4 Ke5 37. Kb2 f6 38. a3 Bc5 39. Ne3 g5 40. hxg5 fxg5 41. Nd1 f4 42. gxf4+ Kxf4 43. b4 axb4 44. axb4 Bxb4 45. Kc2 Bc5 46. Kd2 Kf3 47. Ke1 g4 48. Kf1 e3 49. fxe3 Bxe3 50. Nc3 g3 51. Ne2 g2+ 52. Ke1 g1Q+ 53. Nxg1+ Bxg1 54. Kd2 Bc5 0-1

[Event "Queima das Fitas op"]
[Site "Coimbra"]
[Date "2022.04.23"]
[Round "1"]
[White "Rocha, Miguel Feio Guimara"]
[Black "Santos, Jose Guilherme B Li"]
[Result "0-1"]
[WhiteElo "1449"]
[BlackElo "2378"]
[PlyCount "42"]
[EventDate "2022.04.23"]
[EventType "swiss"]
[EventRounds "7"]
[EventCountry "POR"]
[SourceTitle "EXT 2023"]
[Source "ChessBase"]
[SourceDate "2022.10.05"]
[SourceVersion "1"]
[SourceVersionDate "2022.10.05"]
[SourceQuality "1"]

1. Nf3 c5 2. g3 Nc6 3. c4 g6 4. Bg2 Bg7 5. Nc3 Nh6 6. 0-0 0-0 7. d3 Nf5 8. e4 Nfd4 9. Be3 d6 10. Bxd4 cxd4 11. Ne2 Rb8 12. Qc2 Bg4 13. a3 a5 14. Rab1 Qd7 15. b4 axb4 16. axb4 b5 17. Qd2 Bxf3 18. Bxf3 Ne5 19. Nxd4 Qa7 20. Qe3 Qxd4 21. Qxd4 Nxf3+ 0-1

[Event "EU-ch Hybrid U10"]
[Site "Tornelo INT"]
[Date "2021.10.15"]
[Round "4"]
[White "Rocha, Miguel Feio Guimara"]
[Black "Huseynov, Ahmed"]
[Result "0-1"]
[WhiteElo "1338"]
[BlackElo "1216"]
[PlyCount "70"]
[EventDate "2021.10.15"]
[EventType "swiss"]
[EventRounds "9"]
[EventCountry "NET"]
[SourceTitle "EXT 2023"]
[Source "ChessBase"]
[SourceDate "2022.10.05"]
[SourceVersion "1"]
[SourceVersionDate "2022.10.05"]
[SourceQuality "1"]
[WhiteTeam "Portugal"]
[BlackTeam "Azerbaijan"]
[WhiteTeamCountry "POR"]
[BlackTeamCountry "AZE"]

1. e4 e6 2. d4 d5 3. Nc3 Bb4 4. e5 c5 5. Bd2 cxd4 6. Nb5 Bc5 7. f4 a6 8. Na3 Qb6 9. Rb1 d3 10. Nh3 dxc2 11. Qxc2 Nc6 12. Bc3 Bd7 13. Bd3 h6 14. Rf1 Nge7 15. g4 d4 16. Bd2 Nd5 17. Nc4 Qa7 18. b3 b5 19. Nb2 Ncb4 20. Qd1 Nxa2 21. Qf3 Nac3 22. Bxc3 dxc3 23. Nd1 Bc6 24. Be4 c2 25. Bxc2 Bb4+ 26. Ke2 Nc3+ 27. Qxc3 Bxc3 28. Nxc3 Bg2 29. Be4 Bxh3 30. Bxa8 Bxf1+ 31. Rxf1 Qxa8 32. Rd1 Qg2+ 33. Ke3 Qh3+ 34. Kd2 Qxh2+ 35. Kd3 0-0 0-1

[Event "EU-ch Hybrid U10"]
[Site "Tornelo INT"]
[Date "2021.10.15"]
[Round "2"]
[White "Rocha, Miguel Feio Guimara"]
[Black "Karimli, Yusif"]
[Result "0-1"]
[WhiteElo "1338"]
[BlackElo "1571"]
[PlyCount "98"]
[EventDate "2021.10.15"]
[EventType "swiss"]
[EventRounds "9"]
[EventCountry "NET"]
[SourceTitle "EXT 2023"]
[Source "ChessBase"]
[SourceDate "2022.10.05"]
[SourceVersion "1"]
[SourceVersionDate "2022.10.05"]
[SourceQuality "1"]
[WhiteTeam "Portugal"]
[BlackTeam "Azerbaijan"]
[WhiteTeamCountry "POR"]
[BlackTeamCountry "AZE"]

1. e4 e6 2. d4 d5 3. Nc3 dxe4 4. Nxe4 Bd7 5. Nf3 Bc6 6. Bd3 Nd7 7. c3 Ngf6 8. Nxf6+ Nxf6 9. Bf4 Bxf3 10. Qxf3 c6 11. 0-0 Be7 12. Be5 0-0 13. Qh3 h6 14. f4 Nd7 15. Rad1 Bf6 16. Bxf6 Nxf6 17. f5 exf5 18. Qxf5 Re8 19. Rf2 Qd6 20. Rdf1 Re7 21. Qh3 Qe6 22. Qg3 Qe3 23. Bc4 Qxg3 24. hxg3 Re3 25. Rf3 Rae8 26. Rxe3 Rxe3 27. Rf3 Re1+ 28. Rf1 Re7 29. Rf3 b5 30. Bb3 Ng4 31. Rf4 h5 32. Kf1 g5 33. Rxf7 Rxf7+ 34. Bxf7+ Kxf7 35. Ke2 Ke6 36. Kd3 Nh6 37. Ke4 Nf5 38. Kf3 Nd6 39. g4 h4 40. b3 Kd5 41. Ke3 c5 42. dxc5 Kxc5 43. Kd3 Kd5 44. Ke3 Ne4 45. c4+ bxc4 46. bxc4+ Ke5 47. a4 Nf6 48. c5 Nxg4+ 49. Kf3 Nf6 0-1

[Event "EU-ch Hybrid U10"]
[Site "Tornelo INT"]
[Date "2021.10.15"]
[Round "8"]
[White "Rocha, Miguel Feio Guimara"]
[Black "Pantev, Kaloyan"]
[Result "1-0"]
[WhiteElo "1338"]
[BlackElo "1112"]
[PlyCount "97"]
[EventDate "2021.10.15"]
[EventType "swiss"]
[EventRounds "9"]
[EventCountry "NET"]
[SourceTitle "EXT 2023"]
[Source "ChessBase"]
[SourceDate "2022.10.05"]
[SourceVersion "1"]
[SourceVersionDate "2022.10.05"]
[SourceQuality "1"]
[WhiteTeam "Portugal"]
[BlackTeam "Bulgaria"]
[WhiteTeamCountry "POR"]
[BlackTeamCountry "BUL"]

1. e4 c5 2. Nf3 a6 3. d4 cxd4 4. Nxd4 Nf6 5. Nc3 e5 6. Nb3 Bb4 7. Bd3 d5 8. 0-0 Bxc3 9. bxc3 dxe4 10. Be2 Qxd1 11. Rxd1 Bf5 12. Ba3 Nbd7 13. Na5 b5 14. Bb4 Be6 15. Nb7 Nd5 16. Nd6+ Ke7 17. Nxe4+ Nxb4 18. cxb4 Rhc8 19. Rd2 h6 20. Rad1 Rc7 21. Bf3 Raa7 22. a3 a5 23. Nd6 axb4 24. Nxb5 bxa3 25. Nxc7 Rxc7 26. Bd5 Nb6 27. Bxe6 fxe6 28. Rd3 Ra7 29. Ra1 Nc4 30. Rc3 Ra4 31. f3 Kd6 32. Kf2 Kc5 33. Ke2 Kb4 34. Rb3+ Kc5 35. c3 Kd5 36. Kd3 Kc5 37. Ra2 Ra7 38. Rb4 Rd7+ 39. Kc2 Ne3+ 40. Kb3 Ra7 41. Re4 Rb7+ 42. Rb4 Ra7 43. Rxa3 Rxa3+ 44. Kxa3 Nc2+ 45. Kb3 Nxb4 46. cxb4+ Kb5 47. Kc3 Kb6 48. Kd3 Kb5 49. Ke4 1-0

[Event "Merida World Heritage op 1st"]
[Site "Merida"]
[Date "2021.08.08"]
[Round "9"]
[White "Belo, Andre Nabais Moura"]
[Black "Rocha, Miguel Feio Guimara"]
[Result "1/2-1/2"]
[WhiteElo "1663"]
[BlackElo "1302"]
[PlyCount "60"]
[EventDate "2021.08.04"]
[EventType "swiss"]
[EventRounds "9"]
[EventCountry "ESP"]
[SourceTitle "EXT 2023"]
[Source "ChessBase"]
[SourceDate "2022.10.05"]
[SourceVersion "1"]
[SourceVersionDate "2022.10.05"]
[SourceQuality "1"]

1. e4 e5 2. Nf3 Nc6 3. d4 exd4 4. Nxd4 Bc5 5. Be3 Qf6 6. c3 Nge7 7. Bc4 Ne5 8. Be2 Qg6 9. 0-0 0-0 10. Nd2 d6 11. Bh5 Qf6 12. a4 a5 13. Be2 Qg6 14. Bh5 Qf6 15. Rb1 Bd7 16. Nc2 Bxa4 17. Bxc5 dxc5 18. b3 Bb5 19. c4 Bc6 20. f4 N5g6 21. g3 Qd6 22. Qe2 Rad8 23. Rbd1 Qd3 24. Ne1 Qxe2 25. Bxe2 a4 26. Nef3 Nc8 27. e5 Nb6 28. bxa4 Bxa4 29. Rc1 Ne7 30. Ne4 Nd7 1/2-1/2

[Event "Merida World Heritage op 1st"]
[Site "Merida"]
[Date "2021.08.07"]
[Round "6"]
[White "Rocha, Miguel Feio Guimara"]
[Black "Cavadas, Jose Manuel Goncalv"]
[Result "1/2-1/2"]
[WhiteElo "1302"]
[BlackElo "1486"]
[PlyCount "69"]
[EventDate "2021.08.04"]
[EventType "swiss"]
[EventRounds "9"]
[EventCountry "ESP"]
[SourceTitle "EXT 2023"]
[Source "ChessBase"]
[SourceDate "2022.10.05"]
[SourceVersion "1"]
[SourceVersionDate "2022.10.05"]
[SourceQuality "1"]

1. e4 c5 2. Nf3 d6 3. d4 cxd4 4. Nxd4 Nf6 5. Nc3 a6 6. Be3 b5 7. f3 Bb7 8. Qd2 Nbd7 9. 0-0-0 Rc8 10. Kb1 Nb6 11. Qf2 Rxc3 12. bxc3 Na4 13. Bd2 Qb6 14. Qg1 Qc5 15. Nxb5 Qc6 16. Nd4 Qc8 17. Nb3 e5 18. Qe3 Be7 19. g4 Nd7 20. Ka1 d5 21. exd5 Bxd5 22. Be1 Be6 23. h4 h6 24. Bg2 Ndb6 25. Qe4 Nxc3 26. Qd3 Nxd1 27. Qxd1 Nd5 28. Kb2 Ne3 29. Qe2 Nxg2 30. Qxg2 f6 31. Bd2 Kf7 32. g5 fxg5 33. hxg5 hxg5 34. Rxh8 Qxh8 35. Bxg5 1/2-1/2

[Event "Famalicao op 8th"]
[Site "Vila Nova de Famalicao"]
[Date "2021.07.26"]
[Round "1"]
[White "Moreno, Alejandro"]
[Black "Rocha, Miguel Feio Guimara"]
[Result "1-0"]
[WhiteElo "2391"]
[BlackElo "1408"]
[PlyCount "51"]
[EventDate "2021.07.26"]
[EventType "swiss"]
[EventRounds "9"]
[EventCountry "POR"]
[SourceTitle "CBM 203 Extra"]
[Source "ChessBase"]
[SourceDate "2021.09.30"]
[SourceVersion "1"]
[SourceVersionDate "2021.09.30"]
[SourceQuality "1"]

1. e4 c5 2. d4 cxd4 3. c3 d6 4. cxd4 Nf6 5. Nc3 g6 6. Nf3 Bg7 7. h3 Nc6 8. d5 Nb8 9. Be2 Nbd7 10. Be3 0-0 11. 0-0 b6 12. Nd4 Bb7 13. b4 Rc8 14. Rc1 Ne5 15. Qb3 Qc7 16. f4 Ned7 17. Ncb5 Qb8 18. Nc6 Bxc6 19. dxc6 a6 20. Na3 b5 21. cxd7 Nxd7 22. Nb1 Rxc1 23. Rxc1 Nf6 24. Nd2 Qb7 25. Bf3 Qd7 26. Qc2 1-0